000 00464cam a2200193ua 4500
001 9019
008 150219n ii |||gr||||Z||||||eng
020 _a9788123706986
040 _cMAIN
041 _aeng
082 _a784.19
100 _aDeva, B. C.,
_eAuthor.
245 1 _aMusical instruments
_cBy B. C. Deva
250 _a1st.
260 _aNew Delhi:
_bNational,
_c2009.
300 _a156p.
653 _aInstruments & instrumental ensembles
942 _cBK
999 _c8110
_d8110